El 5 de Agosto: Drama en cuatro actos y un verso

Uloženo v:
Podrobná bibliografie
Hlavní autor: Tamayo y Baus, Manuel
Médium: Kniha
Jazyk:Undetermined
Vydáno: Madrid, España Imprenta de la viuda de D.R.J. Domíonguez 1849
Témata:
Tagy: Přidat tag
Žádné tagy, Buďte první, kdo vytvoří štítek k tomuto záznamu!

MARC

LEADER 00000nam a2200000Ia 4500
008 170316s9999 xx 000 0 und d
040 |a cru BVZT 
090 |a 862 T-2c 
100 |a Tamayo y Baus, Manuel 
245 |a El 5 de Agosto: Drama en cuatro actos y un verso 
260 |a Madrid, España 
260 |b Imprenta de la viuda de D.R.J. Domíonguez 
260 |c 1849 
300 |a 98 páginas 
650 |a LITERATURA ESPAÑOLA 
942 |c 15 D 
999 |c 10459  |d 10459